| 000 | 00576nam a2200217Ia 4500 | ||
|---|---|---|---|
| 003 | OSt | ||
| 005 | 20220928145200.0 | ||
| 006 | a|||||r|||| 00| 0 | ||
| 007 | ta | ||
| 008 | 220927b |||||||| |||| 00| 0 eng d | ||
| 024 | _a79327 | ||
| 037 | _cTextual | ||
| 040 |
_aSDCL _cSDCL _beng |
||
| 041 |
_2eng _aeng |
||
| 082 | _aX :97.3'N, M4 | ||
| 100 |
_aBatstone Eric _9512027 |
||
| 245 | 0 |
_aWorking order _b Workplace industrial relations over two decades. |
|
| 260 | _c1984 | ||
| 942 |
_hX :97.3'N, M4 _cTEXL _2CC |
||
| 999 |
_c832431 _d832431 |
||